Photography, Theory and Practice (Record no. 14047)

MARC details
000 -LEADER
fixed length control field 00398nam a2200145Ia 4500
008 - FIXED-LENGTH DATA ELEMENTS--GENERAL INFORMATION
fixed length control field 211109s9999||||xx |||||||||||||| ||und||
082 ## - DEWEY DECIMAL CLASSIFICATION NUMBER
Classification number 791.4375
Item number CLE-P
100 ## - MAIN ENTRY--PERSONAL NAME
Personal name Clerc, L P
245 #0 - TITLE STATEMENT
Title Photography, Theory and Practice
260 ## - PUBLICATION, DISTRIBUTION, ETC.
Name of publisher, distributor, etc. University of Bombay
Place of publication, distribution, etc. London
Date of publication, distribution, etc. 1947
300 ## - PHYSICAL DESCRIPTION
Extent 590p.
630 ## - SUBJECT ADDED ENTRY--UNIFORM TITLE
General subdivision General Stack
650 ## - SUBJECT ADDED ENTRY--TOPICAL TERM
Topical term or geographic name entry element Photography
942 ## - ADDED ENTRY ELEMENTS (KOHA)
Koha item type BOOK
650 ## - SUBJECT ADDED ENTRY--TOPICAL TERM
Form subdivision Public PERFORMANCES
General subdivision Physics
Holdings
Withdrawn status Lost status Damaged status Not for loan Home library Current library Date acquired Cost, normal purchase price Total Checkouts Full call number Barcode Shelving location Date last seen Price effective from Koha item type
        SB LIBRARY SB LIBRARY 09/11/2021 100.00   791.4375 CLE-P 00014640 GENERAL STACK 09/11/2021 09/11/2021 BOOK

Powered by Koha